[Event "29th February Tetrannual Cup"]
[Site "SchemingMind.com"]
[Date "2012.03.13"]
[Round "-"]
[White "echecs"]
[Black "jdcald13"]
[Result "0-1"]
[WhiteCountry "ENG"]
[BlackCountry "USA"]
[WhiteElo "1848"]
[WhiteRD "66"]
[BlackElo "1998"]
[BlackRD "73"]
[GameID "305054"]

1. e4 d5 2. exd5 Nf6 3. Bb5+ Nbd7 4. Nc3 a6 5. Ba4 b5 6. Bb3 Bb7 7. Nf3 Nb6 8. O-O Nbxd5 9. d3 Nxc3 10. bxc3 c5
11. Re1 e6 12. c4 Be7 13. a4 b4 14. Bb2 O-O 15. c3 bxc3 16. Bxc3 Qb6 17. Rb1 Rfd8 18. Bc2 Qc7 19. Qe2 Ng4 20. h3 Bxf3
21. Qxf3 Qh2+ 22. Kf1 Bf6 23. Ba5 Ne5 24. Qe4 Ng6 25. Bxd8 Rxd8 26. g3 Qxh3+ 27. Kg1 h5 28. Qg2 Qf5 29. Rbc1 Bd4 30. Re4 Qg5
31. Rb1 Qd2 32. Rxd4 Rxd4 33. Rb8+ Kh7 34. Bb1 Nh4 35. Qf1 Nf3+ 36. Kh1 h4 37. Kg2 Ne1+ 38. Kh3 hxg3 39. Rc8 Qh6+
0-1

[Event "29th February Tetrannual Cup"]
[Site "SchemingMind.com"]
[Date "2012.03.10"]
[Round "-"]
[White "Archon"]
[Black "jdcald13"]
[Result "1/2-1/2"]
[WhiteCountry "CAN"]
[BlackCountry "USA"]
[WhiteElo "1715"]
[WhiteRD "55"]
[BlackElo "2010"]
[BlackRD "83"]
[GameID "305055"]

1. Nf3 Nf6 2. c4 c5 3. g3 g6 4. Bg2 Bg7 5. O-O O-O 6. Nc3 Nc6 7. Rb1 d5 8. cxd5 Nxd5 9. Nxd5 Qxd5 10. b3 Bf5
11. d3 Qd7 12. Be3 Nd4 13. Nxd4 cxd4 14. Bd2 Rac8 15. Rc1 Bh3 16. Bxh3 Qxh3 17. Bb4 Qd7 18. Qd2 h5 19. Rxc8 Rxc8 20. Rc1 e6
21. Ba3 Kh7 22. Rxc8 Qxc8 23. Qc1 Qc3 24. Bb2 Qa5 25. a4 Qb4 26. Qc4 Qxc4=
1/2-1/2

[Event "29th February Tetrannual Cup"]
[Site "SchemingMind.com"]
[Date "2012.03.10"]
[Round "-"]
[White "smothered mate"]
[Black "jdcald13"]
[Result "0-1"]
[WhiteCountry "POL"]
[BlackCountry "USA"]
[WhiteElo "1967"]
[WhiteRD "65"]
[BlackElo "2010"]
[BlackRD "83"]
[GameID "305056"]

1. e4 c6 2. d4 d5 3. exd5 cxd5 4. c4 Nf6 5. Nc3 Nc6 6. Nf3 Bg4 7. Qb3 Bxf3 8. gxf3 Nxd4 9. Qxb7 Rb8 10. Qxa7 Nc2+
11. Kd1 Nxa1 12. cxd5 e6 13. Qa4+ Qd7 14. Bb5 Rxb5 15. Nxb5 Nxd5 16. Ke2 Nc2 17. Rd1 Ncb4 18. a3 Nc6 19. Qa8+ Nd8 20. a4 Bb4
21. Rg1 O-O 22. Bh6 g6 23. Bxf8 Nf4+ 24. Ke3 Bd2+ 25. Ke4 f5+ 26. Ke5 Nf7+ 27. Kf6 Nh5#
0-1

[Event "29th February Tetrannual Cup"]
[Site "SchemingMind.com"]
[Date "2012.03.10"]
[Round "-"]
[White "emvarela"]
[Black "jdcald13"]
[Result "0-1"]
[WhiteCountry "ARG"]
[BlackCountry "USA"]
[WhiteElo "1697"]
[WhiteRD "45"]
[BlackElo "1987"]
[BlackRD "63"]
[GameID "305057"]

1. e4 e6 2. d4 d5 3. Nc3 Bb4 4. e5 c5 5. a3 Bxc3+ 6. bxc3 Qc7 7. Qg4 Ne7 8. Qxg7 Rg8 9. Qxh7 cxd4 10. Ne2 Qxe5
11. cxd4 Qf6 12. Bf4 Nbc6 13. c3 b6 14. Ng3 Qxf4 15. Bb5 Bd7 16. Bxc6 Bxc6 17. Qd3 a6 18. Qe3 Qxe3+ 19. fxe3 Bb5 20. Kf2 Kd7
21. Rhb1 Kc7 22. e4 Bd3 23. Re1 dxe4 24. Nxe4 Nd5 25. Rac1 Nf4 26. g3 Bxe4 27. Rxe4 Nd3+
0-1

[Event "29th February Tetrannual Cup"]
[Site "SchemingMind.com"]
[Date "2012.03.15"]
[Round "-"]
[White "Michal Drus"]
[Black "e_castle3"]
[Result "0-1"]
[WhiteCountry "POL"]
[BlackCountry "PHI"]
[WhiteElo "1680"]
[WhiteRD "60"]
[BlackElo "1860"]
[BlackRD "67"]
[GameID "305236"]

1. e4 Nc6 2. d4 d5 3. e5 Bf5 4. Nf3 e6 5. Bb5 Ne7 6. Nc3 a6 7. Ba4 b5 8. Bb3 Bg4 9. h3 Bh5 10. g4 Bg6
11. Bg5 Qb8 12. Qe2 Na5 13. Nd2 Nc4 14. Nf3 a5 15. a4 c6 16. axb5 cxb5 17. O-O-O a4 18. Bxc4 bxc4 19. Nh4 a3 20. Kd2 Qxb2
21. Rb1 Qxc2+ 22. Ke3 Qxc3+ 23. Kf4 Qxd4+ 24. Kg3 Bxb1
0-1

[Event "29th February Tetrannual Cup"]
[Site "SchemingMind.com"]
[Date "2012.03.15"]
[Round "-"]
[White "Michal Drus"]
[Black "jdcald13"]
[Result "1/2-1/2"]
[WhiteCountry "POL"]
[BlackCountry "USA"]
[WhiteElo "1680"]
[WhiteRD "60"]
[BlackElo "1998"]
[BlackRD "73"]
[GameID "305237"]

1. e4 d5 2. exd5 Nf6 3. d4 Nxd5 4. Nf3 Bg4 5. h3 Bh5 6. Be2 e6 7. O-O Be7 8. Ne5 Bxe2 9. Qxe2 O-O 10. Qg4 Nd7
11. Bh6 Bf6 12. Nxd7 Qxd7 13. Nd2 Kh8 14. Bg5 Bxg5 15. Qxg5 Qa4 16. c4 h6 17. Qh5 Nf6 18. Qc5 Qc2 19. Nf3 c6 20. Ne5 b6
21. Qxc6 Rad8 22. Qc7 Rxd4 23. Nxf7+ Kg8 24. Ne5 Ne4 25. Nf3 Rxc4 26. Qxa7 Rxf3 27. gxf3 Nd2 28. Qxb6 Qg6+ 29. Kh1 Nxf3 30. Qb8+ Kh7
31. Rad1 Rh4 32. Qg3 Qe4 33. Rd7 Ng5+ 34. f3 Qe2 35. Rg1 e5 36. Qxh4 Qxf3+ 37. Kh2 Qe2+ 38. Rg2 Nf3+ 39. Kg3 Qe3 40. Qe7 Ng1+
41. Kh2 Nf3+ 42. Kg3 Ng1+ 43. Kh2 Nf3+ 44. Kg3=
1/2-1/2

[Event "29th February Tetrannual Cup"]
[Site "SchemingMind.com"]
[Date "2012.03.15"]
[Round "-"]
[White "Michal Drus"]
[Black "echecs"]
[Result "0-1"]
[WhiteCountry "POL"]
[BlackCountry "ENG"]
[WhiteElo "1625"]
[WhiteRD "61"]
[BlackElo "1806"]
[BlackRD "69"]
[GameID "305238"]

1. e4 e5 2. Nf3 Nc6 3. d4 exd4 4. Nxd4 Bc5 5. Be3 Qf6 6. Nb5 Bxe3 7. fxe3 Qh4+ 8. g3 Qd8 9. Qg4 g6 10. Qf4 d6
11. N1c3 a6 12. Bc4 Ne5 13. Na3 Nxc4 14. O-O Be6 15. Nxc4 Bxc4 16. Rf2 Qe7 17. Nd5 Bxd5 18. exd5 O-O-O 19. Qxf7 Qxe3 20. Qf4 Qxf4
0-1

[Event "29th February Tetrannual Cup"]
[Site "SchemingMind.com"]
[Date "2012.03.13"]
[Round "-"]
[White "Michal Drus"]
[Black "Archon"]
[Result "0-1"]
[WhiteCountry "POL"]
[BlackCountry "CAN"]
[WhiteElo "1676"]
[WhiteRD "59"]
[BlackElo "1715"]
[BlackRD "55"]
[GameID "305239"]

1. e4 d6 2. d4 Nf6 3. Nc3 c6 4. Bd3 e5 5. Nf3 Be7 6. Bg5 h6 7. Bd2 Nbd7 8. d5 cxd5 9. exd5 Nc5 10. Be3 Nxd3+
11. Qxd3 Bg4 12. Bd2 a6 13. O-O-O Rc8 14. h3 Bh5 15. Qe3 Bg6 16. Kb1 b5 17. h4 O-O 18. h5 Bh7 19. Nh4 Qc7 20. Qg3 b4
21. Ne2 Ne4 22. Qf3 Qxc2+
0-1

[Event "29th February Tetrannual Cup"]
[Site "SchemingMind.com"]
[Date "2012.03.13"]
[Round "-"]
[White "Michal Drus"]
[Black "smothered mate"]
[Result "1-0"]
[WhiteCountry "POL"]
[BlackCountry "POL"]
[WhiteElo "1680"]
[WhiteRD "60"]
[BlackElo "1936"]
[BlackRD "62"]
[GameID "305240"]

1. e4 c5 2. Nf3 a6 3. Nc3 Nc6 4. d4 cxd4 5. Nxd4 e5 6. Nb3 Bb4 7. Bc4 Nf6 8. Qf3 O-O 9. Qg3 Nxe4 10. Qd3 Nxc3
11. bxc3 e4 12. Qe3 Be7 13. Qxe4 Bf6 14. O-O Bxc3 15. Bd3 g6 16. Rb1 d5 17. Qf3 Bg7 18. Nc5 Qa5 19. Qxd5 Be6 20. Qg5 h6
21. Qe3 Bd4 22. Qxh6 Qxc5 23. Bxg6 fxg6 24. Qxg6+ Bg7 25. Qxe6+ Rf7 26. Rxb7 Nd8 27. Qe8+ Rf8 28. Rxg7+ Kxg7 29. Bb2+ Kh6 30. Qe4 Nc6
31. Qe6+ Kh7 32. Qh3+ Kg6 33. Qg4+ Kf7 34. Qf3+ Ke8 35. Qe4+ Kd7 36. Qd3+ Kc7 37. Ba3 Nb4 38. Qh7+ Kb6 39. c3 Rae8 40. Qb1 a5
41. cxb4 Qd4 42. bxa5+ Kxa5 43. Bxf8 Rxf8 44. Qe1+ Ka4 45. Qe2 Rf6 46. Rb1 Ka3 47. Rb3+
1-0

[Event "29th February Tetrannual Cup"]
[Site "SchemingMind.com"]
[Date "2012.03.18"]
[Round "-"]
[White "Michal Drus"]
[Black "emvarela"]
[Result "1/2-1/2"]
[WhiteCountry "POL"]
[BlackCountry "ARG"]
[WhiteElo "1620"]
[WhiteRD "60"]
[BlackElo "1731"]
[BlackRD "50"]
[GameID "305241"]

1. e4 e5 2. Nf3 Nc6 3. d4 exd4 4. Nxd4 Bc5 5. Be3 Qf6 6. Nb5 Bxe3 7. fxe3 Qh4+ 8. g3 Qxe4 9. Nxc7+ Kd8 10. Nxa8 Qxh1
11. Qd6 Nf6 12. Qc7+ Ke7 13. Nc3 Qf3 14. Qf4 Qxf4 15. gxf4 Ng4 16. Nd5+ Kd8 17. Be2 Nxh2 18. Kf2 f5 19. Nac7 Ng4+ 20. Bxg4 fxg4
21. Rd1 Nb4 22. Kg3 Nxc2 23. Nb5 Re8 24. Nxa7 Nxe3 25. Nxe3 Rxe3+ 26. Kxg4= Re2 27. Nxc8 Kxc8 28. Rh1= h6 29. Rc1+ Kd8 30. f5 Rxb2
31. Kf3 Rxa2 32. Rg1 Ra5 33. Ke4 Ra4+ 34. Ke5 Ra5+ 35. Ke4 Ra4+ 36. Ke5 Ra5+ 37. Kf4 b5 38. Rxg7 b4 39. f6 b3 40. Rg8+ Kc7
41. f7 b2 42. f8=Q b1=Q 43. Qc8+ Kd6 44. Qf8+ Kc6 45. Qc8+=
1/2-1/2

[Event "29th February Tetrannual Cup"]
[Site "SchemingMind.com"]
[Date "2012.03.13"]
[Round "-"]
[White "e_castle3"]
[Black "Michal Drus"]
[Result "0-1"]
[WhiteCountry "PHI"]
[BlackCountry "POL"]
[WhiteElo "1860"]
[WhiteRD "67"]
[BlackElo "1680"]
[BlackRD "60"]
[GameID "305243"]

1. e4 c6 2. d4 d5 3. exd5 cxd5 4. Nf3 Nc6 5. c3 Bg4 6. Be2 Nf6 7. O-O g6 8. h3 Bf5 9. Re1 Bg7 10. Bg5 O-O
11. Qc1 e6 12. Bh6 Rc8 13. Bxg7 Kxg7 14. Ng5 Nxd4 15. Bd1 h6 16. Qe3 Qb6 17. b3 hxg5 18. cxd4 Rc7 19. Nc3 Rfc8 20. Na4 Qa5
21. Re2 g4 22. Kh2 b5 23. Nc5 Ne4 24. b4 Qb6 25. f3 gxf3 26. Qxf3 Ng5 27. Qe3 f6 28. g4 Be4 29. Rf2 Rh8
0-1

[Event "29th February Tetrannual Cup"]
[Site "SchemingMind.com"]
[Date "2012.03.15"]
[Round "-"]
[White "jdcald13"]
[Black "Michal Drus"]
[Result "1-0"]
[WhiteCountry "USA"]
[BlackCountry "POL"]
[WhiteElo "1910"]
[WhiteRD "113"]
[BlackElo "1625"]
[BlackRD "61"]
[GameID "305244"]

1. c4 e5 2. Nc3 Nf6 3. g3 Nc6 4. Bg2 Be7 5. d3 O-O 6. Nf3 d5 7. cxd5 Nxd5 8. Qb3 Be6 9. Qxb7 Ndb4 10. Nxe5 Nc2+
11. Kd1 Nxa1 12. Nxc6
1-0

[Event "29th February Tetrannual Cup"]
[Site "SchemingMind.com"]
[Date "2012.03.15"]
[Round "-"]
[White "echecs"]
[Black "Michal Drus"]
[Result "1-0"]
[WhiteCountry "ENG"]
[BlackCountry "POL"]
[WhiteElo "1806"]
[WhiteRD "69"]
[BlackElo "1625"]
[BlackRD "61"]
[GameID "305245"]

1. e4 c6 2. d4 d5 3. Nc3 dxe4 4. Nxe4 Nd7 5. Bd3 Ngf6 6. Ng5 e6 7. N1f3 Bd6 8. O-O h6 9. Ne4 Ng4 10. Nxd6+ Kf8
11. Nxc8 Rxc8 12. b3 f5 13. h3 Ngf6 14. Nh4 g5 15. Ng6+
1-0

[Event "29th February Tetrannual Cup"]
[Site "SchemingMind.com"]
[Date "2012.03.13"]
[Round "-"]
[White "Archon"]
[Black "Michal Drus"]
[Result "1-0"]
[WhiteCountry "CAN"]
[BlackCountry "POL"]
[WhiteElo "1715"]
[WhiteRD "55"]
[BlackElo "1676"]
[BlackRD "59"]
[GameID "305246"]

1. Nf3 c5 2. c4 Nc6 3. g3 d6 4. Bg2 Nf6 5. d4 Ne4 6. d5 Qa5+ 7. Nbd2 Nb8 8. O-O g6 9. Nxe4 Qb6 10. Qb3 Bg7
11. Qxb6 axb6 12. a3 Bf5 13. Nh4 Bxe4 14. Bxe4 O-O 15. Bg2 Ra4 16. b3 Ra8 17. Ra2 Nd7 18. e4 Ne5 19. Bb2 Ng4 20. Bxg7 Kxg7
21. h3
1-0

[Event "29th February Tetrannual Cup"]
[Site "SchemingMind.com"]
[Date "2012.03.13"]
[Round "-"]
[White "smothered mate"]
[Black "Michal Drus"]
[Result "1-0"]
[WhiteCountry "POL"]
[BlackCountry "POL"]
[WhiteElo "1994"]
[WhiteRD "71"]
[BlackElo "1625"]
[BlackRD "61"]
[GameID "305247"]

1. e4 c6 2. d4 d5 3. exd5 cxd5 4. c4 Nf6 5. Nc3 e6 6. a3 Be7 7. Nf3 h6 8. Bd3 Ng4 9. h3 dxc4 10. Bxc4 Bh4
11. hxg4 Be7 12. g5 Nc6 13. gxh6 Kf8 14. Bf4 Kg8 15. Qd3 gxh6 16. O-O-O a6 17. Bxh6 f5 18. Qxf5 b5 19. Qg6#
1-0

[Event "29th February Tetrannual Cup"]
[Site "SchemingMind.com"]
[Date "2012.03.18"]
[Round "-"]
[White "emvarela"]
[Black "Michal Drus"]
[Result "0-1"]
[WhiteCountry "ARG"]
[BlackCountry "POL"]
[WhiteElo "1746"]
[WhiteRD "46"]
[BlackElo "1645"]
[BlackRD "57"]
[GameID "305248"]

1. e4 c6 2. d4 d5 3. Nc3 b5 4. a3 dxe4 5. Nxe4 Nf6 6. Nxf6+ exf6 7. a4 bxa4 8. Nf3 a3 9. bxa3 Qa5+ 10. Bd2 Qc7
11. Qe2+ Be7 12. Bb4 c5 13. Bxc5 Nc6 14. Bxe7 Nxe7 15. Qc4 Qa5+ 16. Qb4 Nc6 17. Qxa5 Nxa5 18. Bb5+ Bd7 19. Bxd7+ Kxd7 20. O-O Rhe8
21. Rfe1 Nc4 22. Rxe8 Rxe8 23. g3 Kd6 24. a4 Re2 25. Rc1 Kd5 26. c3 Nd6 27. Rb1 Ne4 28. Rb7 Nxc3 29. Rxa7 Ne4 30. Rxf7 Rxf2
31. Rd7+ Kc6 32. Rxg7 Rxf3 33. Rxh7 Ra3 34. Rh4 Kd5 35. a5 Kxd4 36. Rh5 Ra1+ 37. Kg2 Ng5 38. h4 Ra2+ 39. Kf1 Ne4
0-1

[Event "29th February Tetrannual Cup"]
[Site "SchemingMind.com"]
[Date "2012.03.15"]
[Round "-"]
[White "Bricriu"]
[Black "e_castle3"]
[Result "0-1"]
[WhiteCountry "IRL"]
[BlackCountry "PHI"]
[WhiteElo "1493"]
[WhiteRD "74"]
[BlackElo "1878"]
[BlackRD "62"]
[GameID "305297"]

1. d4 d5 2. Bf4 e6 3. Nf3 h6 4. e3 Bd6 5. Bg3 Nf6 6. Nbd2 O-O 7. Bd3 Nbd7 8. Ne5 Bxe5 9. dxe5 Ne8 10. c3 b6
11. O-O Bb7 12. Qe2 a5 13. Rad1 c5 14. f4 c4 15. Bb1 f5 16. exf6 Qxf6 17. Qf2 Nd6 18. Bh4 Qf7 19. Nf3 Nf5
0-1

[Event "29th February Tetrannual Cup"]
[Site "SchemingMind.com"]
[Date "2012.03.15"]
[Round "-"]
[White "Bricriu"]
[Black "jdcald13"]
[Result "0-1"]
[WhiteCountry "IRL"]
[BlackCountry "USA"]
[WhiteElo "1493"]
[WhiteRD "74"]
[BlackElo "1987"]
[BlackRD "63"]
[GameID "305298"]

1. d4 Nf6 2. Nf3 g6 3. Bf4 Bg7 4. e3 d6 5. Be2 Nh5 6. Bg5 h6 7. Bh4 g5 8. Bg3 c5 9. c3 Qb6 10. dxc5 Qxb2
11. Nbd2 Nxg3 12. hxg3 dxc5 13. O-O O-O 14. Rc1 Nc6 15. Rc2 Qb6 16. Bc4 Bf5 17. e4 Bg4 18. Qe2 Rad8 19. Rb1 Qc7 20. Qe3 b6
21. Nh2 Bh5 22. Kh1 e6 23. f4 Qe7
0-1

[Event "29th February Tetrannual Cup"]
[Site "SchemingMind.com"]
[Date "2012.03.15"]
[Round "-"]
[White "Bricriu"]
[Black "echecs"]
[Result "0-1"]
[WhiteCountry "IRL"]
[BlackCountry "ENG"]
[WhiteElo "1493"]
[WhiteRD "74"]
[BlackElo "1853"]
[BlackRD "63"]
[GameID "305299"]

1. d4 g6 2. Nf3 Bg7 3. Bf4 Nf6 4. e3 d6 5. Be2 O-O 6. O-O Nc6 7. h3 Nd7 8. c3 Nb6 9. Nbd2 Nd5 10. Bh2 Bd7
11. e4 Nf6 12. d5 Nb8 13. Rc1 c6 14. c4 cxd5 15. exd5 Na6 16. a3 Nc5 17. Ne1 Qc8 18. b4 Ba4 19. Nc2 Nb3 20. Nxb3 Bxb3
21. Qd3 Bxc2 22. Qxc2 a5
0-1

[Event "29th February Tetrannual Cup"]
[Site "SchemingMind.com"]
[Date "2012.03.14"]
[Round "-"]
[White "Bricriu"]
[Black "Archon"]
[Result "0-1"]
[WhiteCountry "IRL"]
[BlackCountry "CAN"]
[WhiteElo "1493"]
[WhiteRD "74"]
[BlackElo "1719"]
[BlackRD "54"]
[GameID "305300"]

1. d4 d6 2. e4 Nf6 3. Nc3 c6 4. a4 Qa5 5. Bd3 e5 6. Ne2 Be7 7. O-O O-O 8. b4 Qxb4 9. Ba3 Qa5 10. dxe5 Qxe5
11. f4 Qe6 12. Nd4 Qd7 13. f5 Qc7 14. g4 d5 15. g5 Nxe4 16. Bxe4 dxe4 17. Nxe4 Bxa3 18. Rxa3 Nd7 19. g6 fxg6 20. Ne6 Qe5
21. Nxf8 Nxf8 22. Re3 Bxf5 23. Qd6 Qe6 24. Qxe6+ Bxe6 25. Rfe1 Rd8
0-1

[Event "29th February Tetrannual Cup"]
[Site "SchemingMind.com"]
[Date "2012.03.14"]
[Round "-"]
[White "Bricriu"]
[Black "smothered mate"]
[Result "0-1"]
[WhiteCountry "IRL"]
[BlackCountry "POL"]
[WhiteElo "1598"]
[WhiteRD "106"]
[BlackElo "1981"]
[BlackRD "67"]
[GameID "305301"]

1. d4 d5 2. Nc3 c5 3. e4 dxe4 4. d5 e6 5. Bb5+ Bd7 6. dxe6 fxe6 7. Qh5+ g6 8. Qe5 Qf6 9. Bxd7+ Nxd7 10. Qxe4 Qe5
11. Nf3 Qxe4+ 12. Nxe4 Ngf6 13. Nxf6+ Nxf6 14. Bf4 Bg7 15. h3 Nd5 16. Be5 Bxe5 17. Nxe5 Nb4 18. O-O-O Nxa2+ 19. Kb1 Nb4 20. Rd7 Nc6
0-1

[Event "29th February Tetrannual Cup"]
[Site "SchemingMind.com"]
[Date "2012.03.18"]
[Round "-"]
[White "Bricriu"]
[Black "emvarela"]
[Result "0-1"]
[WhiteCountry "IRL"]
[BlackCountry "ARG"]
[WhiteElo "1493"]
[WhiteRD "74"]
[BlackElo "1697"]
[BlackRD "45"]
[GameID "305302"]

1. d4 Nf6 2. Nf3 e6 3. c4 Bb4+ 4. Bd2 Bxd2+ 5. Qxd2 O-O 6. Nc3 d5 7. e3 c6 8. cxd5 exd5 9. Bd3 h6 10. Qc2 Re8
11. O-O Nbd7
0-1

[Event "29th February Tetrannual Cup"]
[Site "SchemingMind.com"]
[Date "2012.03.13"]
[Round "-"]
[White "Bricriu"]
[Black "Michal Drus"]
[Result "1-0"]
[WhiteCountry "IRL"]
[BlackCountry "POL"]
[WhiteElo "1715"]
[WhiteRD "117"]
[BlackElo "1676"]
[BlackRD "59"]
[GameID "305303"]

1. d4 d5 2. Nc3 c5 3. e4 e6 4. exd5 exd5 5. Bb5+ Bd7 6. dxc5 d4 7. Qxd4 Nc6 8. Qe4+ Be7 9. Nd5 Qa5+ 10. Bd2 Qd8
11. Bc3 a6 12. Bxg7
1-0

[Event "29th February Tetrannual Cup"]
[Site "SchemingMind.com"]
[Date "2012.03.15"]
[Round "-"]
[White "e_castle3"]
[Black "Bricriu"]
[Result "1-0"]
[WhiteCountry "PHI"]
[BlackCountry "IRL"]
[WhiteElo "1878"]
[WhiteRD "62"]
[BlackElo "1493"]
[BlackRD "74"]
[GameID "305305"]

1. e4 d5 2. exd5 Qxd5 3. Nf3 Nf6 4. Nc3 Qa5 5. Be2 Bg4 6. O-O Nc6 7. d3 O-O-O 8. Bd2 e6 9. a3 Be7 10. h3 Bh5
11. Re1 Bxf3 12. Bxf3 Nd4 13. Ne4 Nxf3+ 14. Qxf3 Qf5 15. Qxf5 exf5 16. Ng3 Rhe8 17. Nxf5 Bf8 18. Bg5 Rxe1+ 19. Rxe1 h6 20. Bxf6 gxf6
21. Re4
1-0

[Event "29th February Tetrannual Cup"]
[Site "SchemingMind.com"]
[Date "2012.03.15"]
[Round "-"]
[White "jdcald13"]
[Black "Bricriu"]
[Result "1-0"]
[WhiteCountry "USA"]
[BlackCountry "IRL"]
[WhiteElo "1987"]
[WhiteRD "63"]
[BlackElo "1493"]
[BlackRD "74"]
[GameID "305306"]

1. d4 d5 2. c4 c6 3. Nc3 dxc4 4. Nf3 Nf6 5. e4 b5 6. a4 b4 7. e5 Nd5 8. Ne4 h6 9. Bxc4 Bf5 10. Ng3 Bg4
11. h3 Bxf3 12. Qxf3 e6 13. Nh5 Nd7 14. O-O N7b6 15. b3 g6 16. Ng3 Bg7 17. Ne4 O-O 18. Bd3 Qe7 19. Bd2 f5 20. exf6 Nxf6
21. Nxf6+ Qxf6 22. Qxc6 Nd5 23. Rae1
1-0

[Event "29th February Tetrannual Cup"]
[Site "SchemingMind.com"]
[Date "2012.03.15"]
[Round "-"]
[White "echecs"]
[Black "Bricriu"]
[Result "1-0"]
[WhiteCountry "ENG"]
[BlackCountry "IRL"]
[WhiteElo "1853"]
[WhiteRD "63"]
[BlackElo "1493"]
[BlackRD "74"]
[GameID "305307"]

1. e4 d5 2. exd5 Qxd5 3. Nc3 Qa5 4. d4 Nf6 5. Nf3 Bf5 6. Bd2 e6 7. Be2 c6 8. Ne4 Qd8 9. Nxf6+ Qxf6 10. Bc3 Qd8
11. O-O Be7 12. Re1 O-O 13. b3 Bf6 14. Bb2 Nd7 15. c3 Qc7 16. Bd3 Bxd3 17. Qxd3 Rfd8 18. Qe4 g6 19. Rad1 Bg7 20. Qh4 c5
21. Bc1
1-0

[Event "29th February Tetrannual Cup"]
[Site "SchemingMind.com"]
[Date "2012.03.14"]
[Round "-"]
[White "Archon"]
[Black "Bricriu"]
[Result "1-0"]
[WhiteCountry "CAN"]
[BlackCountry "IRL"]
[WhiteElo "1719"]
[WhiteRD "54"]
[BlackElo "1493"]
[BlackRD "74"]
[GameID "305308"]

1. Nf3 d5 2. c4 c6 3. g3 Nf6 4. Bg2 Bf5 5. cxd5 cxd5 6. Qb3 Qc8 7. O-O Bc2 8. Qc3 Qxc3 9. bxc3 a6 10. a4 Nc6
11. Ba3 b5 12. Bc5 Bxa4 13. Nd4 Nxd4 14. Bxd4 e6 15. Na3 Be7 16. Bb6 O-O 17. Ba5 Rac8 18. Rfb1 Ne4 19. Rb2 Nc5 20. Bb4 Rfe8
21. Rab1 Bf6 22. Nc2 Nb7 23. Ne3 a5 24. Ba3 b4 25. Bxb4 axb4 26. Rxb4 Bc6 27. Rxb7
1-0

[Event "29th February Tetrannual Cup"]
[Site "SchemingMind.com"]
[Date "2012.03.14"]
[Round "-"]
[White "smothered mate"]
[Black "Bricriu"]
[Result "1-0"]
[WhiteCountry "POL"]
[BlackCountry "IRL"]
[WhiteElo "1978"]
[WhiteRD "63"]
[BlackElo "1493"]
[BlackRD "74"]
[GameID "305309"]

1. e4 d5 2. exd5 Qxd5 3. Nc3 Qa5 4. Nf3 Nf6 5. Bc4 c6 6. O-O Bg4 7. a3 e6 8. d4 Bd6 9. Be3 O-O 10. h3 Bh5
11. b4 Qc7 12. Be2 Nbd7 13. Qd3 Bg6 14. Qd2 Rac8 15. Nh4 Ne4 16. Nxe4 Bxe4 17. Bd3 Bxd3 18. Qxd3 e5 19. Rad1 Nf6 20. dxe5 Bxe5
21. f4 Rfd8 22. Qf5
1-0

[Event "29th February Tetrannual Cup"]
[Site "SchemingMind.com"]
[Date "2012.03.14"]
[Round "-"]
[White "Michal Drus"]
[Black "Bricriu"]
[Result "1-0"]
[WhiteCountry "POL"]
[BlackCountry "IRL"]
[WhiteElo "1660"]
[WhiteRD "58"]
[BlackElo "1493"]
[BlackRD "74"]
[GameID "305311"]

1. e4 d5 2. exd5 Qxd5 3. Nc3 Qa5 4. d4 Nf6 5. Nf3 Bf5 6. Be2 Nc6 7. O-O O-O-O 8. Ng5 Nxd4 9. Nxf7 Nf3+ 10. Bxf3 Rxd1
11. Rxd1 c6 12. Nxh8 Be6 13. Bd2 Qc7 14. Re1 Bg8 15. Rad1 g6 16. Ne4 Nxe4 17. Bxe4 Bg7 18. Bg5 Bxh8 19. b3 Bc3 20. Re3 Bf6
21. Red3 Bxg5 22. Rf3 Bf6 23. h4 Be6 24. Re3 Bf5 25. g3
1-0

[Event "29th February Tetrannual Cup"]
[Site "SchemingMind.com"]
[Date "2012.03.15"]
[Round "-"]
[White "Phillip Beckett"]
[Black "e_castle3"]
[Result "0-1"]
[WhiteCountry "ENG"]
[BlackCountry "PHI"]
[WhiteElo "1593"]
[WhiteRD "56"]
[BlackElo "1883"]
[BlackRD "64"]
[GameID "305333"]

1. e4 Nc6 2. d4 d5 3. Nc3 dxe4 4. Nxe4 Qxd4 5. Qxd4 Nxd4 6. c3 Nc2+ 7. Kd1 Nxa1 8. Bf4 Bf5 9. Ng3 O-O-O+ 10. Kc1 Bg6
11. Nf3 f6 12. h4 e5 13. Bd2 Bc5 14. h5 Bf7 15. Kb1 Nb3 16. axb3 Bxb3 17. Be2 Ne7 18. h6 g6 19. Ne4 Bb6 20. Bc1 f5
21. Neg5 Nc6 22. Nf7 Bxf7 23. Bb5 e4 24. Bxc6 exf3 25. Bxf3 Bxf2
0-1

[Event "29th February Tetrannual Cup"]
[Site "SchemingMind.com"]
[Date "2012.03.15"]
[Round "-"]
[White "Phillip Beckett"]
[Black "jdcald13"]
[Result "0-1"]
[WhiteCountry "ENG"]
[BlackCountry "USA"]
[WhiteElo "1575"]
[WhiteRD "55"]
[BlackElo "2010"]
[BlackRD "83"]
[GameID "305334"]

1. e4 d5 2. exd5 Nf6 3. Bb5+ Nbd7 4. d4 a6 5. Bc4 b5 6. Bb3 Bb7 7. c3 Nxd5 8. Nf3 e6 9. O-O c5 10. dxc5 Bxc5
11. Nbd2 N7f6 12. Bc2 O-O 13. Nb3 Ba7 14. Bg5 Qc7 15. Nbd4 Rad8 16. Bh4 Nf4 17. Bg3 N6h5 18. Qc1 Bxd4 19. Nxd4 Rxd4 20. Bxf4 Nxf4
21. Qe3 Rd7 22. f3 Rfd8 23. Rad1 Rxd1 24. Rxd1 Rxd1+ 25. Bxd1 Nd5 26. Qd2 Qb6+ 27. Kf1 Qe3 28. Qxe3 Nxe3+ 29. Ke2 Nxd1 30. Kxd1 Kf8
0-1

[Event "29th February Tetrannual Cup"]
[Site "SchemingMind.com"]
[Date "2012.03.15"]
[Round "-"]
[White "Phillip Beckett"]
[Black "echecs"]
[Result "0-1"]
[WhiteCountry "ENG"]
[BlackCountry "ENG"]
[WhiteElo "1594"]
[WhiteRD "53"]
[BlackElo "1806"]
[BlackRD "69"]
[GameID "305335"]

1. e4 e5 2. Nf3 Nc6 3. Bb5 a6 4. Bxc6 dxc6 5. d4 exd4 6. Qxd4 Bg4 7. Qxd8+ Rxd8 8. Be3 Nf6 9. Nbd2 Bb4 10. c3 Be7
11. O-O-O O-O 12. h3 Bh5 13. g4 Bg6 14. Nh4 Bxe4 15. Nxe4 Nxe4 16. Nf5 Bd6 17. Nxd6 cxd6 18. Rd4 d5 19. Rhd1 f5 20. f3 Ng3
21. R1d2 fxg4 22. fxg4 Ne4 23. Re2 Rf3 24. Bd2 Rxh3 25. Rexe4 c5 26. Re3 Rxe3 27. Bxe3 cxd4 28. Bxd4 Kf7 29. Kd2 Rd7 30. Ke3 Kg6
31. Kf4 Re7 32. g5 Re4+
0-1

[Event "29th February Tetrannual Cup"]
[Site "SchemingMind.com"]
[Date "2012.03.14"]
[Round "-"]
[White "Phillip Beckett"]
[Black "Archon"]
[Result "0-1"]
[WhiteCountry "ENG"]
[BlackCountry "CAN"]
[WhiteElo "1575"]
[WhiteRD "55"]
[BlackElo "1715"]
[BlackRD "55"]
[GameID "305336"]

1. e4 d6 2. d4 Nf6 3. Nc3 c6 4. Nf3 Bg4 5. Be2 e6 6. h3 Bh5 7. O-O Be7 8. Nh2 Bxe2 9. Qxe2 d5 10. exd5 cxd5
11. Ng4 Nbd7 12. Nxf6+ Nxf6 13. Bg5 Rc8 14. Kh1 O-O 15. f4 Rxc3 16. bxc3 Ne4 17. Bxe7 Qxe7 18. Qe3 Rc8 19. f5 Rxc3 20. Qf4 Ng3+
21. Kh2 Nxf1+ 22. Rxf1 Qc7 23. Qxc7 Rxc7 24. fxe6 fxe6 25. Rf2 Rc3 26. Re2 Kf7 27. Rf2+ Ke7 28. g4 Ra3 29. c4 dxc4 30. Rc2 c3
31. Kg2 b5 32. Kf3 b4 33. Ke4 Kd6 34. h4 a5 35. Kd3 Kd5 36. g5 a4 37. Re2 c2+
0-1